Quiz hot : 8 mots dans mots (mort subite) - Statistiques

Statistiques générales
  • Ce quiz a été pris 25 fois
  • Le résultat moyen est 5 sur 8
Answers on the Grid
Answers color-coded by a green-red scale on the quiz's grid according to % correct below.
We---rn - spaghetti
Psyc---echnicienne
Tric---illomanie
Autos - co---ettes
Reporter - p---ographe
Synth---ser
Donquic---tisme
Hété---énéité
Passing - s---s
Hypoth---quement
Crac---ement
Esth---ser
In---achetable
Chuc---er
Para---elier
Poch---es - surprises
 
Statistiques - réponses
Réponse % Correct
Psyc---echnicienne
96%
Reporter - p---ographe
88%
Chuc---er
63%
Donquic---tisme
58%
Passing - s---s
58%
Tric---illomanie
58%
Crac---ement
50%
Para---elier
38%
Aucun quiz correspondant
Distribution des résultats
% des personnes avec chaque résultat
Percentile par nombre de réponses
Votre historique - résultats
Vous n’avez pas pris ce quiz